000 00552nam a22001937a 4500
003 OSt
005 20140310182926.0
008 130130t xxu||||| |||| 00| 0 eng d
020 _a9716857108
050 _aLB 1765
_b.R454 2011
245 _aA Reviewer in general education, professional education and BEEd-content courses /
260 _aQuezon City :
_bLorimar Pub.,
_cc2011.
300 _a168 p. :
_c26 cm.
521 _aEDU
650 _aTeachers-examinations, question,etc.
942 _2lcc
_cBK
_kLOC
999 _c17420
_d17420